[Event "Riga Tech Rapid op"]
[Site "Riga"]
[Date "2021.08.08"]
[Round "7"]
[White "Agafonov, Yuri"]
[Black "Varpins, Kristians"]
[Result "1-0"]
[WhiteElo "2103"]
[BlackElo "1184"]
[PlyCount "37"]
[EventDate "2021.08.08"]
[EventType "swiss (rapid)"]
[EventRounds "9"]
[EventCountry "LAT"]
[SourceTitle "CBM 203 Extra"]
[Source "ChessBase"]
[SourceDate "2021.09.30"]
[SourceVersion "1"]
[SourceVersionDate "2021.09.30"]
[SourceQuality "1"]

1. d4 d5 2. Nf3 c5 3. c4 dxc4 4. Nc3 cxd4 5. Qxd4 Qxd4 6. Nxd4 e6 7. e4 a6 8. a4 e5 9. Nf3 Bd6 10. Bxc4 Nf6 11. Bg5 Nbd7 12. 0-0-0 Bc7 13. Rhe1 0-0 14. Re2 h6 15. Bh4 g5 16. Bg3 Re8 17. h4 g4 18. Ne1 Nc5 19. Nd3 1-0